Prodrome de paléontologie stratigraphique universelle des animaux mollusques & rayonnés (Record no. 161034)

MARC details
000 -LEADER
campo de control de longitud fija 00983nam a22002175i 4500
001 - NÚMERO DE CONTROL
campo de control 161034
003 - IDENTIFICADOR DE NÚMERO DE CONTROL
campo de control ES-MaACL
005 - FECHA Y HORA DE LA ÚLTIMA TRANSACCIÓN
campo de control 20230906212200.0
008 - DATOS DE LONGITUD FIJA--INFORMACIÓN GENERAL
campo de control de longitud fija 021023m18501852fr |||| | fre d
040 ## - FUENTE DE CATALOGACIÓN
Centro catalogador/agencia de origen CCPB | B
Lengua de catalogación spa
Centro/agencia transcriptor CCPB | B
100 1# - ENTRADA PRINCIPAL--NOMBRE DE PERSONA
Nombre de persona Orbigny, Alcide d'.
9 (RLIN) 130665
245 10 - MENCIÓN DEL TÍTULO
Título Prodrome de paléontologie stratigraphique universelle des animaux mollusques & rayonnés
Resto del título : faisant suite au cours élémentaire de paléontologie et de géologie stratigraphiques /
Mención de responsabilidad, etc. par Alcide d'Orbigny.
260 ## - PUBLICACIÓN, DISTRIBUCIÓN, ETC.
Lugar de publicación, distribución, etc. Paris :
Nombre del editor, distribuidor, etc. Victor Masson,
Fecha de publicación, distribución, etc. 1850-1852 (
Lugar de fabricación/manufactura Corbeil :
Fabricante imprimerie de Crété)
300 ## - DESCRIPCIÓN FÍSICA
Extensión 3 v. (LX, 394 ; 427 ; 196, 189 p.) ;
Dimensiones 18 cm.
650 14 - PUNTO DE ACCESO ADICIONAL DE MATERIA--TÉRMINO DE MATERIA
Término de materia o nombre geográfico como elemento de entrada Paleontología-
Subdivisión de forma Nomencladores.
9 (RLIN) 223441
650 #4 - PUNTO DE ACCESO ADICIONAL DE MATERIA--TÉRMINO DE MATERIA
Término de materia o nombre geográfico como elemento de entrada Moluscos-
Subdivisión de forma Nomencladores.
9 (RLIN) 136520
752 ## - ENTRADA AGREGADA--NOMBRE JERÁRQUICO DEL LUGAR
País o entidad superior Francia -
Ciudad París
752 ## - ENTRADA AGREGADA--NOMBRE JERÁRQUICO DEL LUGAR
País o entidad superior Francia -
Ciudad Corbeil
852 ## - LOCALIZACIÓN
Ubicación ES-MaACL
Número de control de estantería B-6718-6719
Nota libre -- Enc. hol.
-- -- Legado del Excmo. Señor D. Federico de Botella y de Hornos
condición física -- Solo t.I y III
Holdings
Estatus retirado Estado de pérdida Estado de daño No para préstamo Colección Biblioteca de origen Biblioteca actual Ubicación en estantería Fecha de adquisición Fuente de adquisición Total de préstamos Signatura topográfica completa Código de barras Visto por última vez Precio de reemplazo Tipo de ítem Koha
        Libros del s. XIX Biblioteca del Ateneo de Madrid Biblioteca del Ateneo de Madrid Sala Pardo Bazán 17/01/2008     B-6718-6719 1168655 23/02/2023 23/02/2023 Libro impreso antiguo